History Quiz

Random History or Famous Quiz

Quick Pick: Famous Europeans K Quiz Stats

 Plays Quiz not verified by Sporcle

Challenge
Share
Tweet
Embed
Score 0/11 Timer 01:00
0 Plays Today
% Correct
Helmut Kohl
93.9%
Heidi Klum
92.3%
Johannes Kepler
88.5%
Franz Kafka
88.1%
Roy Keane
85.5%
Ingvar Kamprad
82.2%
Nastassja Kinski
81.2%
Lech Kaczynski
79.6%
Wassily Kandinsky
75.6%
Yevgeny Kafelnikov
67.9%
Hans Krebs
65.7%

You're not logged in!

Compare scores with friends on all Sporcle quizzes.
OR
Log In

You Might Also Like...

Show Comments

Extras

Top Quizzes Today


Score Distribution

Your Account Isn't Verified!

In order to create a playlist on Sporcle, you need to verify the email address you used during registration. Go to your Sporcle Settings to finish the process.

Report this User

Report this user for behavior that violates our Community Guidelines.

Details: